[Event "ICS rated blitz match"]
[Site "207.99.83.227"]
[Date "1999.05.04"]
[Round "?"]
[White "Hossa"]
[Black "MrGambit456"]
[Result "0-1"]
[WhiteElo "2473"]
[BlackElo "2546"]
[PlyCount "103"]

1. e4 e5 2. Nf3 Nc6 3. Bb5 a6 4. Ba4 Nf6 5. O-O Be7 6. Re1 b5 7. Bb3 O-O 8. c3
d6 9. d4 Bg4 10. d5 Na5 11. Bc2 c6 12. dxc6 Qc7 13. Bg5 Nc4 14. b3 Nb6 15. Qd3
Qxc6 16. Nbd2 Rfc8 17. Re3 Rc7 18. Rd1 Bh5 19. Qe2 d5 20. exd5 Nfxd5 21. Bxe7
Rxe7 22. Rxe5 Nxc3 23. Bxh7+ Kh8 24. Qd3 Bxf3 25. Rxe7 Bxd1 26. Qh3 Qh6 27.
Qxh6 gxh6 28. Rxf7 Rd8 29. Nf1 Bh5 30. Re7 Ne2+ 31. Rxe2 Bxe2 32. Bc2 Nd5 33.
Ne3 Nxe3 34. fxe3 Rd2 35. Be4 Rxa2 36. b4 Kg7 37. Bb7 Bd3 38. g3 Rb2 39. Bxa6
Rxb4 40. Bb7 Be4 41. Bxe4 Rxe4 42. Kf2 b4 43. Ke2 Rc4 44. g4 b3 45. g5 b2 46.
Kd3 Rc6 47. gxh6+ Kxh6 48. Ke2 b1=Q 49. h4 Qc2+ 50. Kf3 Rf6+ 51. Kg3 Qf2+ 52.
Kh3 {Hossa resigns} 0-1

[Event "ICS rated blitz match"]
[Site "207.99.83.227"]
[Date "1999.05.04"]
[Round "?"]
[White "Hossa"]
[Black "MrGambit456"]
[Result "0-1"]
[WhiteElo "2460"]
[BlackElo "2548"]
[PlyCount "107"]

1. e4 c5 2. Nf3 d6 3. d4 cxd4 4. Nxd4 Nf6 5. Nc3 a6 6. Bg5 Nbd7 7. Bc4 Qa5 8.
Qd2 e6 9. O-O Be7 10. Be2 O-O 11. Nd5 Bd8 12. Qxa5 Bxa5 13. Ne7+ Kh8 14. Bf3
Ne5 15. Bxf6 gxf6 16. Nxc8 Nxf3+ 17. Nxf3 Raxc8 18. c3 Rc4 19. Nd2 Rc6 20. Rae1
Rg8 21. Re3 Bb6 22. Rf3 Rg6 23. h4 Kg7 24. Rh3 Kf8 25. h5 Rg4 26. Re1 Rc5 27.
Kf1 Rcg5 28. g3 Ke7 29. Kg2 Rb5 30. Nc4 Bc7 31. a4 Rb3 32. f3 Rg5 33. Rb1 d5
34. Nd2 Rb6 35. exd5 Rxd5 36. Nc4 Rc6 37. Rh4 f5 38. Ne3 Rd2+ 39. Kh3 Re2 40.
Ng2 Rd6 41. Rb4 Rdd2 42. Rg1 b5 43. axb5 Bb6 44. Rh1 a5 45. Rc4 Rxg2 46. b3
Rgf2 47. f4 Rf3 48. Rc6 Bf2 49. Rf1 Rxg3+ 50. Kh2 Rg4 51. Rxf2 Rxf2+ 52. Kh3
Rgxf4 53. Rc7+ Kf6 54. Rxf7+ {Hossa resigns} 0-1

[Event "ICS rated blitz match"]
[Site "207.99.83.227"]
[Date "1999.05.04"]
[Round "?"]
[White "osito"]
[Black "Hossa"]
[Result "0-1"]
[WhiteElo "2057"]
[BlackElo "2448"]
[PlyCount "104"]

1. e4 c5 2. Nc3 e6 3. f4 Nc6 4. Nf3 d5 5. Bb5 a6 6. Bxc6+ bxc6 7. d3 Be7 8. O-O
Nf6 9. Qe1 O-O 10. b3 Rb8 11. a4 d4 12. Ne2 Bb7 13. Nd2 Nd7 14. Nc4 Nb6 15.
Nxb6 Qxb6 16. Kh1 Qd8 17. f5 Bh4 18. Qd1 e5 19. Ng1 Qa5 20. Nf3 Bf6 21. Bd2 Qd8
22. Qe1 Qe7 23. Qg3 Rbe8 24. h4 Kh8 25. h5 Rg8 26. Bg5 Bxg5 27. Qxg5 f6 28. Qg4
a5 29. Nd2 Ba6 30. Rf3 Ref8 31. Rh3 Qb7 32. Qg6 Qb4 33. Nf3 Qc3 34. Rf1 Qxc2
35. g4 Bxd3 36. Rg1 Bxe4 37. g5 Bxf3+ 38. Rxf3 hxg6 39. hxg6 Qe4 40. Rgg3 Qe1+
41. Kg2 Qe2+ 42. Rf2 Qh5 43. Rh3 Qxh3+ 44. Kxh3 Rd8 45. Rh2 Rge8 46. gxf6 gxf6
47. Kg4+ Kg8 48. Kh5 d3 49. Rd2 Rd4 50. g7 Kxg7 51. Rg2+ Kf7 52. Kh6 52... Rh4#
{osito checkmated} 0-1

[Event "ICS rated blitz match"]
[Site "207.99.83.227"]
[Date "1999.05.04"]
[Round "?"]
[White "Hossa"]
[Black "totoff"]
[Result "1-0"]
[WhiteElo "2478"]
[BlackElo "2141"]
[Annotator "Fritz 5.32 (10s)"]
[PlyCount "19"]

1. d4 Nf6 2. Nf3 c5 3. dxc5 3... Na6 $146 (3... e6 4. g3 (4. e3 Bxc5 5. c4 d5
6. a3 a5 7. cxd5 exd5 8. Be2 O-O 9. O-O Qe7 10. Bd2 Nc6 11. Bc3 Rd8 12. Bd4
Nxd4 13. Nxd4 Ne4 14. Nc3 Qe5 15. Nxe4 dxe4 16. Nc6 Rxd1 17. Nxe5 Rd5 18. Rfd1
18... Rxd1+ {Daly,C-Sermek,D/EuT-ch, Pula CRO 1997/1-0 (66)}) 4... Bxc5 5. Bg2
O-O 6. O-O d5 7. c4 Nc6 8. cxd5 Nxd5 9. Qc2 Be7 10. a3 Bd7 11. e4 Nb6 12. Nc3
Rc8 13. Rd1 Qc7 14. Qe2 Rfd8 15. Be3 Be8 16. Bf4 e5 17. Be3 Rxd1+ 18. Rxd1 {
Bogdan,D-Rodriguez Lopez,R/TTIM March, Szeged HUN 1998/1-0 (41)}) (3... Qa5+ 4.
Bd2 Qxc5 5. Nc3 a6 6. g3 b5 7. Bg2 Bb7 8. O-O g6 9. b4 Qc7 10. a4 Bg7 11. Rb1
Ne4 12. Nxe4 Bxe4 13. axb5 axb5 14. Ne1 Bxg2 15. Kxg2 h5 16. Bf4 Qc6+ 17. f3 h4
18. e4 h3+ 19. Kh1 Qc4 20. Qd3 Nc6 21. Rd1 O-O 22. Rf2 Qxb4 23. Qxd7 {
0-1 Lim,K-Brooke,J/2nd Caledonian Masters, Edinburgh SCO 1997 (23)}) 4. e4 {
Weiss entwickelt eine toedliche Initiative} 4... Nxc5 $14 (4... Nxe4 5. Bxa6
Qa5+ 6. Nbd2 Nxd2 7. Bxd2 Qxa6 8. Be3 $11) 5. e5 Ng8 6. Be3 e6 7. Nc3 d5 8.
exd6 Bxd6 9. Bb5+ 9... Kf8 $4 $18 {
auch bessere Zuege haetten die Partie nicht gerettet.} (9... Ke7 $142 10. Qd4
10... f6 $16) 10. Bxc5 (10. Bxc5 Ke7 11. Ne5 $18) 1-0

[Event "ICS rated blitz match"]
[Site "207.99.83.227"]
[Date "1999.05.04"]
[Round "?"]
[White "Hossa"]
[Black "Adelle"]
[Result "1-0"]
[WhiteElo "2490"]
[BlackElo "2285"]
[PlyCount "55"]

1. d4 Nf6 2. Nf3 g6 3. Nc3 d5 4. Bf4 Bg7 5. Qd2 Ne4 6. Nxe4 dxe4 7. Ne5 Be6 8.
Qb4 f6 9. Qb5+ c6 10. Qxb7 fxe5 11. Bg5 Nd7 12. Qxc6 Qa5+ 13. Bd2 Qd5 14. Qxd5
Bxd5 15. dxe5 Bxe5 16. c3 a5 17. e3 Rc8 18. Bb5 Bc4 19. Bxc4 Rxc4 20. O-O Rf8
21. Rad1 h6 22. b3 Rc5 23. c4 Bf6 24. Bc1 a4 25. Rd2 Rc8 26. Bb2 Bxb2 27. Rxb2
axb3 28. axb3 {Adelle resigns} 1-0

[Event "ICS rated blitz match"]
[Site "207.99.83.227"]
[Date "1999.05.04"]
[Round "?"]
[White "Maroczy"]
[Black "Hossa"]
[Result "0-1"]
[WhiteElo "2383"]
[BlackElo "2491"]
[PlyCount "97"]

1. e4 c5 2. Nf3 d6 3. Nc3 Nc6 4. d4 cxd4 5. Nxd4 Nf6 6. Bg5 Bd7 7. Qd2 Qa5 8.
Nb3 Qb4 9. Bd3 Ne5 10. O-O-O Nfg4 11. f3 Nxd3+ 12. cxd3 Ne5 13. Kb1 Be6 14. Na1
Rc8 15. Nc2 Qa5 16. Na3 Nxd3 17. Qxd3 Qxg5 18. g3 Qa5 19. f4 Qb4 20. f5 Rxc3
21. Qxc3 Qxe4+ 22. Ka1 Qxf5 23. Qc7 Qc5 24. Qxb7 Bd7 25. Rc1 Qb6 26. Qa8+ Qd8
27. Qxa7 d5 28. Qb7 e6 29. Nb5 Be7 30. Nc7+ Kf8 31. Na6 Bd6 32. Rc2 Kg8 33.
Rhc1 Bf8 34. Nc5 Be8 35. Nxe6 fxe6 36. Rc8 Qg5 37. h4 Qe3 38. Rf1 Qd3 39. Rfc1
Qb5 40. Qa8 Kf7 41. Rb8 Qa4 42. Qb7+ Kg6 43. Qc8 Bf7 44. Rf1 h5 45. Qc7 Be8 46.
Qe5 Qa6 47. Qg5+ Kh7 48. Re1 Bf7 49. Rxf8 {Maroczy resigns} 0-1

[Event "ICS rated blitz match"]
[Site "207.99.83.227"]
[Date "1999.05.04"]
[Round "?"]
[White "razzle"]
[Black "Hossa"]
[Result "1-0"]
[WhiteElo "2826"]
[BlackElo "2502"]
[PlyCount "80"]

1. e4 c5 2. Nf3 d6 3. d4 cxd4 4. Nxd4 Nf6 5. Nc3 a6 6. f4 d5 7. e5 Ne4 8. Qf3
Nxc3 9. Qxc3 e6 10. Be3 Be7 11. Be2 O-O 12. O-O Nd7 13. a3 Nc5 14. Bd3 Ne4 15.
Bxe4 dxe4 16. Rad1 Qe8 17. Qc4 b5 18. Qc6 Qxc6 19. Nxc6 Bh4 20. g3 Bxg3 21.
hxg3 Kh8 22. Bc5 Re8 23. Nd8 Kg8 24. g4 a5 25. Rfe1 Ba6 26. Bb6 Rc8 27. Rd2 Rc4
28. Bxa5 Bc8 29. Re3 Ra4 30. Bb4 f5 31. exf6 gxf6 32. Rxe4 e5 33. Kh2 Bxg4 34.
fxe5 f5 35. Re1 f4 36. e6 h5 37. Re5 Kh7 38. Rxb5 Ra8 39. e7 Ra6 40. Nf7 40...
Rc6 {Hossa resigns} 1-0

[Event "ICS rated blitz match"]
[Site "207.99.83.227"]
[Date "1999.05.04"]
[Round "?"]
[White "Hossa"]
[Black "nluis"]
[Result "0-1"]
[WhiteElo "2498"]
[BlackElo "2368"]
[PlyCount "49"]

1. d4 Nf6 2. c4 c5 3. dxc5 e6 4. b4 a5 5. Qa4 Na6 6. a3 axb4 7. axb4 Nc7 8.
Qxa8 Nxa8 9. Rxa8 d6 10. cxd6 Bxd6 11. c5 Bc7 12. Bg5 O-O 13. Nf3 b6 14. Nc3
bxc5 15. bxc5 Ba5 16. Bd2 Qc7 17. c6 Bxc3 18. Bxc3 Qxc6 19. Ra3 Qc5 20. Rb3 Ne4
21. Bd2 Qc2 22. e3 Qxb3 23. Be2 Qb1+ 24. Bd1 Rd8 25. Nd4 {Hossa resigns} 0-1

[Event "ICS rated blitz match"]
[Site "207.99.83.227"]
[Date "1999.05.04"]
[Round "?"]
[White "nluis"]
[Black "Hossa"]
[Result "0-1"]
[WhiteElo "2390"]
[BlackElo "2476"]
[PlyCount "58"]

1. c4 e5 2. Nc3 Nc6 3. Nf3 Bb4 4. Nd5 Ba5 5. Qa4 e4 6. Nd4 Nxd4 7. Qxa5 d6 8.
Nxc7+ Kf8 9. Qc3 Qxc7 10. Qxd4 Nf6 11. d3 Be6 12. Bg5 Qa5+ 13. Bd2 Qa6 14. Bb4
Rd8 15. e3 exd3 16. Bxd3 Kg8 17. O-O b6 18. Rfd1 Qa4 19. Bc3 Ne8 20. b3 Qd7 21.
e4 Qe7 22. Bc2 Rd7 23. Rd3 Qh4 24. Rg3 f6 25. Rd1 Kf7 26. Rgd3 Re7 27. Bb4 Bc8
28. f3 Re6 29. Qxd6 29... Nxd6 {nluis resigns} 0-1

[Event "ICS rated blitz match"]
[Site "207.99.83.227"]
[Date "1999.05.04"]
[Round "?"]
[White "sena"]
[Black "Hossa"]
[Result "0-1"]
[WhiteElo "2261"]
[BlackElo "2488"]
[PlyCount "48"]

1. d4 Nf6 2. b3 e6 3. h3 Be7 4. Ba3 Bxa3 5. Nxa3 O-O 6. Nf3 c5 7. Nc4 d5 8.
Nce5 Ne4 9. e3 Qa5+ 10. Nd2 cxd4 11. exd4 Qc3 12. Nef3 Nc6 13. Bd3 Nxd2 14.
Nxd2 Nxd4 15. O-O e5 16. Rc1 Bf5 17. Bxf5 Nxf5 18. Nb1 Qd4 19. Qh5 Ng3 20. Qf3
Nxf1 21. Rxf1 Qe4 22. Qc3 Rfc8 23. Qa5 b6 24. Qa6 24... Qxc2 {sena resigns} 0-1

[Event "ICS rated blitz match"]
[Site "207.99.83.227"]
[Date "1999.05.04"]
[Round "?"]
[White "Hossa"]
[Black "razzle"]
[Result "0-1"]
[WhiteElo "2506"]
[BlackElo "2795"]
[PlyCount "91"]

1. d4 d5 2. Nf3 Nf6 3. e3 e6 4. Bb5+ Bd7 5. Bxd7+ Nbxd7 6. O-O Bd6 7. b3 O-O 8.
c4 dxc4 9. bxc4 c5 10. Nc3 Qe7 11. Rb1 Nb6 12. Qe2 Rfc8 13. Nb5 cxd4 14. Rd1
Bb4 15. Ne5 dxe3 16. Bxe3 Bc5 17. Bxc5 Rxc5 18. Nd6 Rf8 19. Rb3 Ne8 20. Rb5
Nxd6 21. Rxc5 Na4 22. Ra5 Nc3 23. Qd3 Nxd1 24. Qxd1 Nc8 25. c5 Rd8 26. Nd3 Rd5
27. Rb5 b6 28. Qc2 Qd8 29. Rb3 bxc5 30. g3 Nb6 31. Nxc5 Rd1+ 32. Kg2 Qd5+ 33.
Rf3 Rd2 34. Qc3 Rxa2 35. Nd3 Qd6 36. Qc1 a5 37. Qg5 Nc4 38. Qh5 g6 39. Qg4 Qd5
40. Qf4 e5 41. Qg5 h6 42. Qxh6 e4 43. Ne1 exf3+ 44. Nxf3 Ne5 45. Qe3 f6 46. h4
{Hossa resigns} 0-1

[Event "ICS rated blitz match"]
[Site "207.99.83.227"]
[Date "1999.05.04"]
[Round "?"]
[White "SMJT"]
[Black "Hossa"]
[Result "1-0"]
[WhiteElo "2194"]
[BlackElo "2501"]
[PlyCount "103"]

1. d4 Nf6 2. Nf3 c5 3. d5 e6 4. c4 exd5 5. cxd5 Qa5+ 6. Nc3 Be7 7. Bd2 Qb6 8.
e4 d6 9. Bb5+ Bd7 10. Bxd7+ Nbxd7 11. O-O O-O 12. Qc2 Rae8 13. h3 Qb4 14. a3
Qc4 15. b3 Qa6 16. a4 Bd8 17. Nb5 Nxe4 18. Bf4 Re7 19. Rfe1 Rfe8 20. Rxe4 Rxe4
21. Nxd6 Re2 22. Qf5 R8e7 23. Nc8 Qf6 24. Nxe7+ Qxe7 25. Qd3 Ba5 26. Qb5 Bc3
27. Rd1 b6 28. Qc6 Rb2 29. Bd6 Qe8 30. Rd3 Rb1+ 31. Kh2 Rxb3 32. Re3 Qd8 33.
Be7 Qb8+ 34. Bd6 Qd8 35. Re7 Bf6 36. Rxd7 Qe8 37. Bg3 a6 38. Ra7 Qf8 39. Ra8
Bd8 40. Qd7 Be7 41. Rxf8+ Bxf8 42. Qe8 h6 43. Bd6 Rxf3 44. Qxf8+ Kh7 45. gxf3
Kg6 46. Be5 f6 47. Qe8+ Kh7 48. Bxf6 gxf6 49. Qf7+ Kh8 50. d6 c4 51. d7 b5 52.
d8=Q# {Hossa checkmated} 1-0

[Event "ICS rated blitz match"]
[Site "207.99.83.227"]
[Date "1999.05.04"]
[Round "?"]
[White "Hossa"]
[Black "ColonialPast"]
[Result "1-0"]
[WhiteElo "2474"]
[BlackElo "2149"]
[PlyCount "39"]

1. d4 Nf6 2. c4 e6 3. Nf3 b6 4. g3 Bb4+ 5. Bd2 Be7 6. Bg2 Bb7 7. O-O O-O 8. Nc3
d5 9. cxd5 exd5 10. Qc2 c5 11. Rad1 Ne4 12. dxc5 Nxc3 13. Bxc3 bxc5 14. Ne5 Na6
15. Qb3 Qb6 16. Qxb6 axb6 17. Nd7 Rfd8 18. Nxb6 Ra7 19. Nxd5 Bf8 20. Nf6+ {
ColonialPast resigns} 1-0

[Event "ICS rated blitz match"]
[Site "207.99.83.227"]
[Date "1999.05.04"]
[Round "?"]
[White "ColonialPast"]
[Black "Hossa"]
[Result "0-1"]
[WhiteElo "2145"]
[BlackElo "2478"]
[PlyCount "31"]

1. e4 e5 2. Nf3 Nc6 3. Bb5 a6 4. Ba4 Nf6 5. O-O Be7 6. Bxc6 dxc6 7. d3 Nd7 8.
Nbd2 O-O 9. Nc4 Bf6 10. Bd2 c5 11. Bc3 Qe8 12. a4 Qe6 13. h3 Rb8 14. Qd2 b5 15.
axb5 axb5 16. Ba5 {ColonialPast resigns} 0-1

[Event "ICS rated blitz match"]
[Site "207.99.83.227"]
[Date "1999.05.04"]
[Round "?"]
[White "Hossa"]
[Black "ColonialPast"]
[Result "1-0"]
[WhiteElo "2482"]
[BlackElo "2141"]
[PlyCount "53"]

1. d4 Nf6 2. c4 e6 3. Nf3 b6 4. g3 Bb4+ 5. Bd2 Be7 6. Bg2 O-O 7. O-O d5 8. cxd5
Nxd5 9. e4 Nf6 10. Nc3 Bb7 11. Re1 Nbd7 12. Rc1 c5 13. a4 cxd4 14. Nxd4 Nc5 15.
Bf4 Qd7 16. b4 Na6 17. b5 Nc5 18. Nc6 Bxc6 19. bxc6 Qxd1 20. Rexd1 h6 21. e5
Ne8 22. Be3 Nc7 23. Bxc5 Bxc5 24. Rd7 Rac8 25. Nb5 Nxb5 26. axb5 Rfe8 27. c7 {
ColonialPast resigns} 1-0

[Event "ICS rated blitz match"]
[Site "207.99.83.227"]
[Date "1999.05.04"]
[Round "?"]
[White "SuperChicken"]
[Black "Hossa"]
[Result "1-0"]
[WhiteElo "2782"]
[BlackElo "2486"]
[PlyCount "73"]

1. e4 e5 2. Nf3 Nc6 3. Bc4 Bc5 4. c3 Nf6 5. d4 exd4 6. cxd4 Bb4+ 7. Bd2 Nxe4 8.
Bxb4 Nxb4 9. Bxf7+ Kxf7 10. Qb3+ d5 11. Ne5+ Kg8 12. Qxb4 c5 13. Qb5 a6 14. Qd3
Bf5 15. dxc5 Qa5+ 16. Nc3 Rd8 17. c6 Qc7 18. f4 Qb6 19. Nxe4 Bxe4 20. Qb3 Qxb3
21. axb3 bxc6 22. Rxa6 c5 23. Rc6 g5 24. O-O Re8 25. Ng4 Kg7 26. Rc7+ Kg6 27.
f5+ Bxf5 28. Rc6+ Be6 29. Rf6+ Kh5 30. h3 Kh4 31. Kh2 h6 32. Rfxe6 Rxe6 33.
Rxe6 Kh5 34. Ne5 g4 35. hxg4+ Kh4 36. g3+ Kg5 37. Rg6# {Hossa checkmated} 1-0

[Event "ICS Rated blitz match"]
[Site "207.99.83.227"]
[Date "1999.05.04"]
[Round "?"]
[White "Hossa"]
[Black "JudgeTurpin"]
[Result "0-1"]
[WhiteElo "2489"]
[BlackElo "2619"]
[PlyCount "60"]

1. e4 e5 2. f4 exf4 3. Nf3 d5 4. exd5 Nf6 5. c4 c6 6. dxc6 Nxc6 7. d4 Bb4+ 8.
Bd2 Bxd2+ 9. Qxd2 Bg4 10. Be2 Bxf3 11. Bxf3 Nxd4 12. O-O Nxf3+ 13. Rxf3 Qxd2
14. Nxd2 O-O-O 15. Nb3 g5 16. h4 h6 17. hxg5 hxg5 18. Nc5 b6 19. Nd3 Ng4 20.
Nf2 Ne3 21. Rc1 Rd2 22. c5 Kc7 23. cxb6+ Kxb6 24. Rb1 g4 25. Rxf4 g3 26. Rf6+
Ka5 27. Rxf7 Rh2 28. b4+ Ka4 29. Rxa7+ Kb5 30. a4+ 30... Kb6 {Hossa resigns}
0-1

[Event "ICS Rated blitz match"]
[Site "207.99.83.227"]
[Date "1999.05.04"]
[Round "?"]
[White "JudgeTurpin"]
[Black "Hossa"]
[Result "0-1"]
[WhiteElo "2629"]
[BlackElo "2479"]
[PlyCount "146"]

1. Nf3 d5 2. g3 c6 3. Bg2 Bg4 4. O-O Nd7 5. d3 Ngf6 6. Nbd2 Qc7 7. Nb3 e5 8.
Bg5 Bd6 9. Nh4 O-O 10. Re1 Be6 11. Nf3 Rad8 12. a4 c5 13. Bh4 c4 14. dxc4 dxc4
15. Nbd2 c3 16. bxc3 Qxc3 17. Ng5 Bb4 18. Nge4 Nxe4 19. Nxe4 Qxe1+ 20. Qxe1
Bxe1 21. Bxd8 Bxf2+ 22. Nxf2 Rxd8 23. Bxb7 Nc5 24. Bc6 Rc8 25. Rd1 Kf8 26. Bd5
Bxd5 27. Rxd5 Nxa4 28. Ra5 Nb6 29. Kg2 Rxc2 30. Kf3 Rc7 31. Rxe5 Nc4 32. Rh5 h6
33. Nd3 Re7 34. Rd5 Ke8 35. Rd4 Nd2+ 36. Kf2 Ne4+ 37. Kf3 Ng5+ 38. Kf2 f5 39.
Rd5 Ne4+ 40. Kf3 Nd2+ 41. Kf2 g6 42. Ne5 Ne4+ 43. Kf3 Re6 44. g4 a6 45. gxf5
gxf5 46. Kf4 Rd6 47. Rxd6 Nxd6 48. Nc6 Kf7 49. Ke5 Nc8 50. Kxf5 Ne7+ 51. Nxe7
Kxe7 52. Ke5 h5 53. Kd5 Kf6 54. Kc5 Kf5 55. Kb6 Kf4 56. Kc5 Ke3 57. Kd5 Kxe2
58. Ke4 Kf2 59. Kf5 h4 60. Kg4 a5 61. Kxh4 Kf3 62. Kg5 Ke4 63. h4 a4 64. h5 a3
65. Kf6 a2 66. Ke6 a1=Q 67. Kd6 Qe5+ 68. Kc6 Kd4 69. h6 Qe6+ 70. Kb5 Qxh6 71.
Kb4 Qb6+ 72. Ka4 Kc4 73. Ka3 73... Qb3# {JudgeTurpin checkmated} 0-1

[Event "ICS Rated blitz match"]
[Site "207.99.83.227"]
[Date "1999.05.04"]
[Round "?"]
[White "Hossa"]
[Black "JudgeTurpin"]
[Result "0-1"]
[WhiteElo "2502"]
[BlackElo "2606"]
[Annotator "Crafty v16.6"]
[PlyCount "115"]

{annotating for player ossa using a scoring margin of +0.20 pawns. search time
limit is 20.00} 1. e4 1... e5 2. f4 exf4 3. Nf3 g5 4. h4 g4 5. Ne5 d6 6. Nxg4
Nf6 7. Nxf6+ Qxf6 8. Nc3 Be6 9. Qh5 ({8:+0.13} 9. Qh5 9... Qe5 10. Qxe5 dxe5
11. Nd5 Bd6 12. Nf6+ Kd8 13. Bb5 13... Nd7 $10) ({8:+0.57} 9. d4 9... Rg8 10.
Qd3 Nd7 11. Nb5 Kd8 12. Qc3 12... c6 $14) 9... Nc6 10. Bb5 Qg7 11. Qg5 a6 12.
Bxc6+ bxc6 13. Qxg7 ({9:+0.33} 13. Qxg7 13... Bxg7 14. Ne2 Rb8 15. c3 Bh6 16.
Nd4 Kd7 17. d3 17... Rhe8 $14) ({9:+0.66} 13. d3 13... Qxg5 14. hxg5 Rb8 15.
Ne2 Bg7 16. c3 h6 17. Bxf4 17... hxg5 $14) 13... Bxg7 14. O-O Rg8 15. Ne2 Rb8
16. Rb1 f3 17. Rxf3 Bg4 18. Rf2 Bxe2 19. Rxe2 Bd4+ 20. Kf1 Rg4 21. c3 Bf6 22.
e5 dxe5 23. d4 Rxh4 24. g3 Rh1+ 25. Kg2 Rd1 26. b3 Bg7 27. dxe5 Rb5 28. e6 fxe6
29. Rxe6+ Kd7 30. Re2 Bxc3 31. Rf2 Re5 32. Rf7+ Ke8 33. Rxc7 Ree1 34. Rxc6 Bd2
35. Rxa6 Bxc1 36. a3 Re2+ 37. Kf3 Re3+ 38. Kf2 Rc3 39. Kg2 Rdd3 40. Ra8+ Kd7
41. Kh2 Rc2+ 42. Kh3 Bf4 43. Kg4 Bc7 44. Kf5 Rf2+ 45. Ke4 Rxg3 46. Rd1+ Kc6 47.
Rc1+ Kb7 48. Rxc7+ Kxa8 49. Rxh7 Rxb3 50. a4 Rb4+ 51. Ke3 Ra2 52. Rd7 Ra3+ 53.
Kd2 Rb2+ 54. Kc1 Re2 55. Kb1 Rxa4 56. Rg7 Rf4 57. Rg1 Rff2 58. Rg8+ 0-1

[Event "ICS Rated blitz match"]
[Site "207.99.83.227"]
[Date "1999.05.04"]
[Round "?"]
[White "JudgeTurpin"]
[Black "Hossa"]
[Result "1/2-1/2"]
[WhiteElo "2617"]
[BlackElo "2491"]
[PlyCount "193"]

1. e4 e5 2. Bc4 Nf6 3. d3 Nc6 4. Nf3 Be7 5. O-O O-O 6. Re1 d6 7. c3 Na5 8. Bb5
c6 9. Ba4 Bg4 10. b4 b5 11. Bc2 Nb7 12. a4 a5 13. axb5 cxb5 14. bxa5 Rxa5 15.
Rxa5 Qxa5 16. d4 exd4 17. Qxd4 Qa2 18. Qd2 Bxf3 19. gxf3 Ra8 20. Bd3 Qb3 21.
Qb2 Qe6 22. Qxb5 Nc5 23. Bc2 Ra2 24. Na3 Qe5 25. Bb2 Qg5+ 26. Kf1 Qf4 27. Kg2
Qd2 28. Re2 Qg5+ 29. Kf1 Qh4 30. Qb8+ Bf8 31. Kg1 Nfd7 32. Qb5 Ne5 33. Re3 Qh3
34. Bb1 Rxb2 35. Qxb2 Nxf3+ 36. Rxf3 Qxf3 37. Qc2 Ne6 38. Nc4 Nf4 39. Ne3 Nh3+
40. Kf1 Qh1+ 41. Ke2 Qxh2 42. Ke1 Qh1+ 43. Nf1 Ng5 44. Qb3 Nxe4 45. Qd5 Nxf2
46. Qxh1 Nxh1 47. Be4 Be7 48. Bxh1 Bf6 49. Kd2 Bh4 50. Ne3 Bg3 51. Bd5 Bh2 52.
Kd3 Kf8 53. Nf5 g6 54. Nd4 h6 55. Nf3 Bg3 56. Kc4 Kg7 57. Nd4 f6 58. Be4 h5 59.
Kd5 Kf7 60. Bd3 f5 61. c4 Kf6 62. Be2 Bf4 63. Bf3 h4 64. Ne6 Bh2 65. Nc7 Bg3
66. Bg2 Ke7 67. Bh3 Bh2 68. Nb5 Bf4 69. Bf1 Bg3 70. Nd4 Bf2 71. Nf3 Kf6 72. Nd4
Bxd4 73. Kxd4 Ke6 74. Bg2 g5 75. Bc6 g4 76. Ke3 Ke5 77. Kf2 Kf4 78. Kg2 Kg5 79.
Kf2 h3 80. Bd5 f4 81. Bc6 g3+ 82. Kf3 h2 83. Kg2 Kg6 84. Kh3 Kf5 85. Bg2 Kg5
86. Bd5 Kf6 87. Kg4 Ke5 88. Bg2 Kd4 89. Kxf4 Kxc4 90. Kxg3 Kc5 91. Kxh2 Kd4 92.
Kg3 Ke3 93. Kg4 Kf2 94. Bd5 Kg1 95. Kf5 Kh2 96. Ke6 Kh3 97. Kxd6 {
Game drawn because neither player has mating material} 1/2-1/2

[Event "ICS Rated blitz match"]
[Site "207.99.83.227"]
[Date "1999.05.04"]
[Round "?"]
[White "Hossa"]
[Black "JudgeTurpin"]
[Result "0-1"]
[WhiteElo "2497"]
[BlackElo "2611"]
[Annotator "Crafty v16.6"]
[PlyCount "88"]

{annotating for player ossa using a scoring margin of +0.20 pawns. search time
limit is 20.00} 1. e4 1... e5 2. f4 exf4 3. Nf3 Nf6 4. e5 Nh5 5. Nc3 d6 6. Qe2
d5 7. Qd3 ({8:-0.94} 7. Qd3 7... c6 8. Qd4 Bg4 9. Be2 Nd7 10. Rf1 10... Bc5 $17
) ({8:-0.71} 7. b3 7... g5 8. Nd4 g4 9. Nd1 Qh4+ 10. Nf2 Bc5 11. Bb2 $17) 7...
c6 8. Be2 Be6 9. Qd4 ({8:-1.31} 9. Qd4 9... Nd7 10. Qf2 Be7 11. Rf1 O-O 12. Nd4
12... Bh4 $17) ({8:-0.99} 9. Nd1 9... Na6 10. Qb3 Nc5 11. Qc3 Ne4 12. Qd4 $17)
9... Nd7 10. Qf2 g5 11. d4 g4 12. Nd2 ({9:-1.09} 12. Nd2 12... Be7 13. Nf1 Qb6
14. Bd3 O-O-O 15. Ne2 Bg5 16. Nd2 $17) ({9:-0.85} 12. Ng1 12... f3 13. gxf3 Be7
14. Kd1 Bh4 15. Qf1 g3 16. Bh6 $17) 12... Be7 13. Nf1 Qb6 14. a4 ({8:-1.59} 14.
a4 14... Qb4 15. Nd2 O-O-O 16. Nd1 Kb8 17. c3 17... Qb6 $19) ({8:-1.20} 14. Nd2
14... Bg5 15. Nb3 O-O-O 16. Bd2 Kb8 17. Na4 17... Qc7 $17) 14... Bb4 15. Bxf4 (
{8:-1.83} 15. Bxf4 15... Bxc3+ 16. bxc3 Qb2 17. Rc1 Nxf4 18. Qxf4 Qxc3+ 19. Qd2
Qb2 20. Ne3 f6 21. exf6 21... Nxf6 $19) ({8:-1.37} 15. a5 15... Bxa5 16. Qh4
Ng7 17. Bxg4 Nf5 18. Bxf5 Bxc3+ 19. bxc3 19... Bxf5 $17) 15... Bxc3+ 16. bxc3
Qb2 17. Rc1 Nxf4 18. Qxf4 Nb6 19. a5 Na4 20. a6 bxa6 21. Bxa6 Nxc3 22. Bd3 Ne4
23. Ng3 Qc3+ 24. Kf1 Qxd4 25. Nxe4 dxe4 26. Qxe4 Qxe4 27. Bxe4 Bd5 28. Bd3 O-O
29. c4 Be6 30. Be4 Rab8 31. Kf2 Rb2+ 32. Kg3 c5 33. Ra1 Rd8 34. Rxa7 Rd4 35.
Bc6 Bxc4 36. Rc7 Rb3+ 37. Kh4 g3+ 38. Kg5 Kg7 39. Bf3 h6+ 40. Kh5 Re3 41. Rxc5
Rxf3 42. gxf3 Bd3 43. f4 Rxf4 44. hxg3 Bg6# 0-1

[Event "ICS Rated blitz match"]
[Site "207.99.83.227"]
[Date "1999.05.04"]
[Round "?"]
[White "JudgeTurpin"]
[Black "Hossa"]
[Result "1-0"]
[WhiteElo "2622"]
[BlackElo "2486"]
[Annotator "Crafty v16.6"]
[PlyCount "76"]

{annotating for player ossa using a scoring margin of +0.20 pawns. search time
limit is 20.00} 1. Nf3 1... d5 2. g3 c6 3. Bg2 Bg4 4. O-O Nd7 5. d3 Ngf6 6.
Nbd2 Qc7 ({9:-0.53} 6... Qc7 7. h3 Bh5 8. Nb3 O-O-O 9. Bd2 Kb8 10. Ba5 10...
Nb6 $14) ({9:-0.30} 6... e5 7. h3 Bxf3 8. Nxf3 Bc5 9. Nxe5 Bxf2+ 10. Rxf2 Nxe5
11. Bg5 Qd6 12. Bxf6 12... gxf6 $10) 7. Nb3 e5 8. Bg5 Bd6 9. c4 dxc4 10. dxc4
O-O 11. h3 Be6 12. Qc2 Bb4 13. Rfd1 Rad8 14. Bh4 Nb6 ({8:-0.28} 14... Nb6 15.
Bxf6 gxf6 16. Nfd2 Nd7 17. Ne4 Rfe8 18. Qd3 18... Bf5 $10) ({8:+0.02} 14... h6
15. g4 Nc5 16. Nxc5 Bxc5 17. Bxf6 gxf6 18. Qe4 Qe7 19. h4 $10) 15. Bxf6 gxf6
16. c5 Bxb3 17. axb3 Nd7 18. Qf5 a5 19. Nh2 Kg7 20. Ng4 Rfe8 21. Be4 Kf8 22.
Qxh7 Nxc5 23. Rxd8 Rxd8 24. Nh6 Na6 25. Qg8+ Ke7 26. Qxf7+ Kd6 27. Rd1+ Kc5 28.
Rxd8 Qxd8 29. Qxb7 Nb8 30. Qa7+ Qb6 31. Qe7+ Kd4 32. Nf5+ Kxe4 33. Qe6 Qc5 34.
Kf1 Qc1+ 35. Kg2 Qf4 36. gxf4 Kxf4 37. e3+ Kg5 38. Qg8+ Kxf5 1-0

[Event "ICS Rated blitz match"]
[Site "207.99.83.227"]
[Date "1999.05.04"]
[Round "?"]
[White "Hossa"]
[Black "JudgeTurpin"]
[Result "1-0"]
[WhiteElo "2476"]
[BlackElo "2632"]
[PlyCount "137"]

1. e4 e5 2. f4 exf4 3. Nf3 g5 4. h4 g4 5. Ne5 d6 6. Nxg4 Nf6 7. Nxf6+ Qxf6 8.
Nc3 Be6 9. d4 Rg8 10. Qd3 c6 11. d5 Rg3 12. Qd2 Re3+ 13. Be2 Bg4 14. O-O Bxe2
15. dxc6 bxc6 16. Nxe2 Rxe4 17. Rxf4 Rxf4 18. Qxf4 Qxf4 19. Bxf4 d5 20. Re1
Bc5+ 21. Kf1 Na6 22. Nc1+ Kd7 23. Nd3 Bd6 24. Bxd6 Kxd6 25. g4 Rb8 26. c3 f6
27. b4 Rg8 28. Nf2 h5 29. gxh5 Rh8 30. Nh1 Rxh5 31. Ng3 Re5 32. h5 Ke7 33. Nf5+
Kf7 34. Nd6+ Kg7 35. Re2 Rxh5 36. Re7+ Kg6 37. Rxa7 Nb8 38. Rb7 Rh8 39. b5 Rd8
40. Rxb8 Rxd6 41. Rb6 Kf5 42. a4 Ke5 43. bxc6 Rd8 44. c7 Rc8 45. Rc6 d4 46.
Rc5+ Kd6 47. cxd4 Rxc7 48. Rxc7 Kxc7 49. Ke2 Kd6 50. a5 Kc6 51. Ke3 Kb5 52. Ke4
Kxa5 53. Kf5 Kb6 54. Kxf6 Kc6 55. Ke6 Kc7 56. d5 Kd8 57. Kd6 Ke8 58. Kc7 Ke7
59. d6+ Ke6 60. d7 Kd5 61. Kb6 Ke5 62. d8=Q Ke4 63. Kc5 Kf5 64. Kd4 Kg4 65. Qf6
Kg3 66. Ke3 Kg4 67. Qg6+ Kh4 68. Kf3 Kh3 69. Qh6# {JudgeTurpin checkmated} 1-0